[Event "Confrontation IV 1987-88"]
[Site "Longueuil CAN"]
[Date "1988.02.26"]
[Round "3"]
[White "Letourneau, Jean"]
[Black "Charest, Johanne"]
[Result "1-0"]
[WhiteElo "1550"]
[BlackElo "1403"]
[PlyCount "53"]
[GameId "2160767912586981"]
[EventDate "1988.02.05"]
[EventType "swiss"]
[EventRounds "5"]
[EventCountry "CAN"]

1. e4 e5 2. Nc3 Nf6 3. f4 exf4 4. e5 Ng8 5. Nf3 Nc6 6. Bc4 Bc5 7. d4 Be7 8. Bxf4 Bh4+ 9. g3 Be7 10. Qe2 b6 11. d5 Nb8 12. O-O Bb7 13. d6 cxd6 14. exd6 Qc8 15. Bd5 Nc6 16. Ng5 Kf8 17. dxe7+ Ngxe7 18. Bd6 h6 19. Nxf7 Rh7 20. Rae1 Ke8 21. Bxe7 Nxe7 22. Nd6+ Kd8 23. Rf8+ Kc7 24. Ncb5+ Kb8 25. Nxc8 Nxc8 26. Qe5+ d6 27. Qxd6# 1-0

[Event "Confrontation IV 1987-88"]
[Site "Longueuil CAN"]
[Date "1988.03.04"]
[Round "4"]
[White "De Carufel, Roger"]
[Black "Charest, Johanne"]
[Result "1-0"]
[WhiteElo "1510"]
[BlackElo "1403"]
[PlyCount "103"]
[GameId "2160767912586982"]
[EventDate "1988.02.05"]
[EventType "swiss"]
[EventRounds "5"]
[EventCountry "CAN"]

1. e4 e5 2. Nf3 Nc6 3. Bb5 a6 4. Ba4 Nf6 5. O-O Be7 6. Re1 b5 7. Bb3 d6 8. c3 Bg4 9. d3 O-O 10. Nbd2 Re8 11. h3 Bc8 12. Nf1 h6 13. Ng3 Bf8 14. d4 Bb7 15. Bc2 Qd7 16. Nf5 Ne7 17. Nxe7+ Rxe7 18. dxe5 dxe5 19. Qxd7 Nxd7 20. Bd2 Nf6 21. Rad1 Rd8 22. Re2 Ree8 23. Kh1 Bc5 24. Ne1 Bb6 25. f3 Rd7 26. Nd3 Nh5 27. Kh2 c6 28. Bc1 Red8 29. Ree1 Re8 30. a3 a5 31. Be3 Bxe3 32. Rxe3 a4 33. Ree1 g6 34. Nc5 Rc7 35. Rd6 Ba8 36. Red1 Rcc8 37. c4 Nf4 38. R1d2 Kg7 39. g3 Nh5 40. Bd1 Kh7 41. Be2 Rb8 42. Nd7 Rb7 43. g4 Rxd7 44. Rxd7 Nf4 45. Rxf7+ Kg8 46. Rfd7 g5 47. Bf1 Ne6 48. cxb5 cxb5 49. Bxb5 Nd4 50. R7xd4 exd4 51. Bxe8 Kf8 52. Bxa4 1-0

[Event "Confrontation IV 1987-88"]
[Site "Longueuil CAN"]
[Date "1988.03.11"]
[Round "5"]
[White "Charest, Johanne"]
[Black "Lavoie, Denis"]
[Result "1-0"]
[WhiteElo "1403"]
[BlackElo "1467"]
[PlyCount "159"]
[GameId "2160767912586983"]
[EventDate "1988.02.05"]
[EventType "swiss"]
[EventRounds "5"]
[EventCountry "CAN"]

1. e4 c5 2. Nf3 e6 3. a3 Nc6 4. d4 cxd4 5. Nxd4 a6 6. Be2 Bc5 7. Nb3 Ba7 8. Nc3 Qc7 9. Qd3 Nge7 10. Be3 Bxe3 11. Qxe3 d6 12. Qg3 Ng6 13. Rd1 e5 14. Qd3 Nf4 15. Qg3 O-O 16. Bc4 Ne7 17. Bd3 Be6 18. h4 d5 19. exd5 Nexd5 20. Ne4 b6 21. h5 h6 22. Qf3 f5 23. Ned2 e4 24. Nxe4 Nxd3+ 25. Qxd3 fxe4 26. Qxe4 Nc3 27. Qxe6+ Kh8 28. Rd7 Rad8 29. Rxd8 Qxd8 30. O-O Re8 31. Qg4 Re4 32. Qh3 Ne2+ 33. Kh2 Rh4 34. Re1 Nf4 35. Re8+ Qxe8 36. Qxh4 Qxh5 37. Qxh5 Nxh5 38. Nd4 Nf6 39. a4 a5 40. b3 Kg8 41. Kg3 Kf7 42. Kf4 g6 43. f3 Ke7 44. Ke5 Ne8 45. Ne2 g5 46. g4 Nf6 47. Nd4 Ng8 48. Nf5+ Kd7 49. Kd5 Nf6+ 50. Kc4 Ng8 51. Kb5 Kc7 52. Ne3 Nf6 53. Nf5 Ng8 54. c4 Kb7 55. Nd6+ Ka7 56. Nc8+ Kb7 57. Nxb6 Ne7 58. Nd7 Nc6 59. Nc5+ Kc7 60. Nd3 Nd4+ 61. Kxa5 Nxb3+ 62. Kb4 Nd4 63. Ne1 Kb6 64. a5+ Ka6 65. c5 Nc6+ 66. Ka4 Nxa5 67. Nd3 Nc4 68. Kb4 Nd2 69. Ne5 Nf1 70. Kc4 Kb7 71. Kd5 Kc7 72. Ke6 Nd2 73. Kf6 Nb3 74. Nf7 Nd4 75. Ne5 Nb3 76. Kg6 Nxc5 77. Kxh6 Ne6 78. Nf7 Kd7 79. Nxg5 Nf8 80. Kg7 1-0

[Event "Confrontation V 1987-88"]
[Site "Longueuil CAN"]
[Date "1988.03.25"]
[Round "1"]
[White "Dumoulin, Sylvain"]
[Black "Charest, Johanne"]
[Result "1-0"]
[WhiteElo "1606"]
[BlackElo "1422"]
[PlyCount "91"]
[GameId "2160767912586438"]
[EventDate "1988.03.25"]
[EventType "swiss"]
[EventRounds "5"]
[EventCountry "CAN"]

1. g3 e5 2. Bg2 d5 3. d3 Be6 4. Nf3 f6 5. O-O Bd6 6. c4 d4 7. Nxd4 exd4 8. Bxb7 Nd7 9. Bxa8 Qxa8 10. e4 Ne7 11. Nd2 Bh3 12. Re1 Nc5 13. Nf3 Bg4 14. b4 Nd7 15. c5 Be5 16. Bb2 f5 17. Rc1 Nf6 18. Qa4+ Qc6 19. b5 Qe6 20. Nxe5 Qxe5 21. b6+ Kf7 22. bxa7 Ra8 23. Bxd4 Qe6 24. Qc4 Qxc4 25. Rxc4 Rxa7 26. exf5 Bxf5 27. Bxf6 Kxf6 28. Rf4 g5 29. Rf3 c6 30. g4 Nd5 31. Rxf5+ Kg6 32. Re6+ Kg7 33. Rxg5+ Kf7 34. Rxc6 Rd7 35. Rd6 Rxd6 36. cxd6 Nb6 37. Rb5 Nd7 38. Rb7 Ke6 39. Rxd7 Kxd7 40. f4 Kxd6 41. Kf2 Kd5 42. Ke3 h6 43. a4 Kc5 44. f5 Kb4 45. f6 Kxa4 46. f7 1-0

[Event "Confrontation V 1987-88"]
[Site "Longueuil CAN"]
[Date "1988.04.08"]
[Round "2"]
[White "Charest, Johanne"]
[Black "Perreault, Jacques"]
[Result "1-0"]
[WhiteElo "1422"]
[BlackElo "1511"]
[PlyCount "125"]
[GameId "2160767912586439"]
[EventDate "1988.03.25"]
[EventType "swiss"]
[EventRounds "5"]
[EventCountry "CAN"]

1. e4 d6 2. Nc3 c5 3. Nf3 Nc6 4. d4 cxd4 5. Nxd4 e6 6. Be3 Nf6 7. Be2 a6 8. f4 Qc7 9. Qd2 Be7 10. O-O Bd7 11. Kh1 h5 12. h3 O-O-O 13. Rab1 b5 14. a4 b4 15. Bxa6+ Kb8 16. Nce2 Qa5 17. Bd3 d5 18. exd5 Nxd5 19. Bg1 Nc7 20. Bh2 f5 21. Bg1 Bf6 22. Nb3 Qd5 23. Qe3 Na5 24. Qa7+ Kc8 25. Bb6 Nb7 26. Nc5 Bc6 27. Rg1 g5 28. fxg5 Bxg5 29. Bb5 Be3 30. Rbd1 Qxc5 31. Bxc5 Bxc5 32. Qxc5 Nxc5 33. Bxc6 Nd5 34. Bxd5 exd5 35. Nf4 Nxa4 36. Rxd5 Rxd5 37. Nxd5 Nxb2 38. Nxb4 Nc4 39. Rf1 Rf8 40. Rf3 Nd6 41. Rg3 Ne4 42. Rg7 f4 43. Nd3 Ng3+ 44. Kg1 Rf5 45. Nxf4 Rxf4 46. Rxg3 Rf5 47. Rc3+ Kd7 48. Rd3+ Kc6 49. Kh2 Rf2 50. c4 Rf4 51. Rd5 h4 52. Rd3 Rxc4 53. Rd8 Kc7 54. Rg8 Kd6 55. Rg4 Rxg4 56. hxg4 Ke7 57. Kh3 Kf6 58. Kxh4 Kg6 59. g5 Kh7 60. Kh5 Kg7 61. g6 Kh8 62. Kh6 Kg8 63. g7 1-0

[Event "Confrontation V 1987-88"]
[Site "Longueuil CAN"]
[Date "1988.04.15"]
[Round "3"]
[White "Gagnon, Robert"]
[Black "Charest, Johanne"]
[Result "0-1"]
[WhiteElo "1683"]
[BlackElo "1422"]
[PlyCount "68"]
[GameId "2160767912586440"]
[EventDate "1988.03.25"]
[EventType "swiss"]
[EventRounds "5"]
[EventCountry "CAN"]

1. e4 e5 2. Nf3 Nc6 3. Bb5 a6 4. Ba4 Nf6 5. O-O b5 6. Bb3 Be7 7. Re1 d6 8. h3 O-O 9. c3 Bb7 10. d4 h6 11. Nbd2 Re8 12. Nf1 Bf8 13. Ng3 Qd7 14. Bc2 d5 15. exd5 Qxd5 16. Be3 exd4 17. Bb3 Qd7 18. Nxd4 Nxd4 19. Qxd4 Qc6 20. f3 Rad8 21. Qf4 Bc8 22. Bd4 Bd6 23. Be5 Qc5+ 24. Qd4 Rxe5 25. Ne4 Nxe4 26. fxe4 Rg5 27. Kh1 Qe5 28. Qxe5 Rxe5 29. Rad1 Bb7 30. Bd5 c6 31. Bb3 Bc7 32. Rd4 c5 33. Rxd8+ Bxd8 34. Rf1 Bf6 0-1

[Event "Confrontation V 1987-88"]
[Site "Longueuil CAN"]
[Date "1988.04.22"]
[Round "4"]
[White "Charest, Johanne"]
[Black "Marcil, Alexandre"]
[Result "1-0"]
[WhiteElo "1422"]
[BlackElo "1632"]
[PlyCount "49"]
[GameId "2160767912586441"]
[EventDate "1988.03.25"]
[EventType "swiss"]
[EventRounds "5"]
[EventCountry "CAN"]

1. e4 e5 2. Nf3 Nc6 3. Bc4 Bc5 4. c3 Nf6 5. O-O O-O 6. Re1 d6 7. h3 h6 8. d4 exd4 9. cxd4 Bb4 10. Nc3 Re8 11. Bd3 Nd7 12. Bc2 Nb6 13. a3 Bxc3 14. bxc3 Bd7 15. Qd3 Ne7 16. Nh4 g5 17. e5 Kf8 18. e6 Bxe6 19. Rxe6 fxe6 20. Qh7 Qd7 21. Qxh6+ Kf7 22. Bg6+ Nxg6 23. Qh7+ Kf6 24. Bxg5+ Kxg5 25. Qxg6+ 1-0

[Event "Confrontation V 1987-88"]
[Site "Longueuil CAN"]
[Date "1988.04.29"]
[Round "5"]
[White "Sienkiewicz, Igor"]
[Black "Charest, Johanne"]
[Result "1-0"]
[WhiteElo "1749"]
[BlackElo "1422"]
[PlyCount "89"]
[GameId "2160767912586442"]
[EventDate "1988.03.25"]
[EventType "swiss"]
[EventRounds "5"]
[EventCountry "CAN"]

1. d4 d5 2. c4 c6 3. cxd5 cxd5 4. Nc3 Nf6 5. Nf3 Nc6 6. Bf4 Bf5 7. e3 a6 8. Rc1 e6 9. Bd3 Bxd3 10. Qxd3 Rc8 11. O-O Bd6 12. Bxd6 Qxd6 13. Na4 Ne4 14. Nc5 Nxc5 15. Rxc5 O-O 16. Rfc1 h6 17. Qc3 Na7 18. Qd3 Nc6 19. Qd2 Qd7 20. a3 b6 21. R5c2 Na5 22. Ne5 Qb7 23. Qd3 Rxc2 24. Qxc2 b5 25. b3 g6 26. Qc3 Nxb3 27. Qxb3 Rc8 28. Rc5 g5 29. Qc3 Rd8 30. Rc7 Qb8 31. Nxf7 Rf8 32. Nxh6+ Kh8 33. Nf7+ Kg8 34. Nh6+ Kh8 35. Nf7+ Kg8 36. Nxg5 Qe8 37. Qc6 Qxc6 38. Rxc6 Re8 39. Nxe6 Kf7 40. Nf4 Kg8 41. Nxd5 Kh8 42. Rc7 Rf8 43. e4 a5 44. e5 a4 45. Nf6 1-0

[Event "Eastern Ontario op"]
[Site "Ottawa CAN"]
[Date "1988.09.17"]
[Round "1"]
[White "Morin, Louis"]
[Black "Taylor, Gordon"]
[Result "0-1"]
[WhiteElo "2063"]
[BlackElo "2400"]
[PlyCount "100"]
[GameId "2160767912520308"]
[EventDate "1988.09.17"]
[EventType "swiss"]
[EventRounds "5"]
[EventCountry "CAN"]
[SourceTitle "hb 2013"]

1. e4 c5 2. d4 cxd4 3. c3 d5 4. exd5 Qxd5 5. cxd4 Nf6 6. Nc3 Qd8 7. Nf3 e6 8. Bd3 Be7 9. O-O b6 10. Qe2 O-O 11. Bg5 Bb7 12. Rad1 Nbd7 13. Rfe1 Re8 14. Bc4 Bb4 15. d5 Bxd5 16. Bxd5 exd5 17. Qxe8+ Qxe8 18. Rxe8+ Rxe8 19. Nxd5 Nxd5 20. Rxd5 Nf8 21. a3 Be7 22. Bxe7 Rxe7 23. Kf1 f6 24. Rd2 Kf7 25. g3 Ne6 26. Rc2 Rc7 27. Rd2 Ke7 28. Nd4 Nxd4 29. Rxd4 Rc2 30. Re4+ Kd6 31. Re2 Rxe2 32. Kxe2 Kc5 33. Kd3 Kd5 34. b3 f5 35. f4 a5 36. Kc3 h5 37. Kd3 b5 38. h4 Kc5 39. Kc3 a4 40. bxa4 bxa4 41. Kd3 Kd5 42. Kc3 Ke4 43. Kb4 Kf3 44. Kxa4 Kxg3 45. Kb5 Kxf4 46. a4 Kg4 47. a5 f4 48. Kc4 f3 49. Kd3 Kg3 50. a6 f2 0-1

[Event "Eastern Ontario op"]
[Site "Ottawa CAN"]
[Date "1988.09.17"]
[Round "2"]
[White "Desforges, Jean"]
[Black "Morin, Louis"]
[Result "1-0"]
[WhiteElo "2025"]
[BlackElo "2063"]
[PlyCount "72"]
[GameId "2160767912520310"]
[EventDate "1988.09.17"]
[EventType "swiss"]
[EventRounds "5"]
[EventCountry "CAN"]
[SourceTitle "hb 2013"]

1. d4 Nf6 2. c4 e6 3. Nf3 d5 4. g3 c5 5. cxd5 exd5 6. Bg2 Nc6 7. O-O Be7 8. Nc3 O-O 9. dxc5 Bxc5 10. Na4 Bd6 11. Bg5 Be6 12. Rc1 h6 13. Be3 Qe7 14. Bc5 b6 15. Bxd6 Qxd6 16. Nd4 Rac8 17. Nc3 Nxd4 18. Qxd4 Rc4 19. Qd2 Qd7 20. b3 Rc7 21. Rfd1 Rfc8 22. Qd4 Ne4 23. Rd3 Bf5 24. Re3 Nxc3 25. Rexc3 Rxc3 26. Rxc3 Rxc3 27. Qxc3 d4 28. Qd2 Qc7 29. Qxd4 Qc1+ 30. Bf1 Bh3 31. Qd8+ Kh7 32. Qd3+ g6 33. e3 Qa1 34. a4 Qe1 35. Qe2 Qb1 36. Qd3 Be6 1-0

[Event "Eastern Ontario op"]
[Site "Ottawa CAN"]
[Date "1988.09.17"]
[Round "3"]
[White "Trottier, Stephane"]
[Black "Morin, Louis"]
[Result "0-1"]
[WhiteElo "1770"]
[BlackElo "2063"]
[PlyCount "54"]
[GameId "2160767912520313"]
[EventDate "1988.09.17"]
[EventType "swiss"]
[EventRounds "5"]
[EventCountry "CAN"]
[SourceTitle "hb 2013"]

1. d4 Nf6 2. c4 e6 3. Nf3 d5 4. e3 c5 5. Nc3 Nc6 6. Be2 a6 7. b3 Bd6 8. Bb2 O-O 9. O-O cxd4 10. exd4 dxc4 11. bxc4 Qa5 12. a3 Rd8 13. Qc2 Qh5 14. Ne4 Nxe4 15. Qxe4 g5 16. Ne5 Qh6 17. g3 f5 18. Qc2 Bxe5 19. dxe5 b6 20. Bf3 Bb7 21. Rad1 Nd4 22. Rxd4 Bxf3 23. h4 Rxd4 24. Bxd4 gxh4 25. Qc1 Qh5 26. Qf4 hxg3 27. Qxg3+ Kh8 0-1

[Event "Eastern Ontario op"]
[Site "Ottawa CAN"]
[Date "1988.09.18"]
[Round "4"]
[White "Morin, Louis"]
[Black "Moffat, Andrei"]
[Result "1-0"]
[WhiteElo "2063"]
[BlackElo "2148"]
[PlyCount "52"]
[GameId "2160767912520316"]
[EventDate "1988.09.17"]
[EventType "swiss"]
[EventRounds "5"]
[EventCountry "CAN"]
[SourceTitle "hb 2013"]

1. e4 c5 2. d4 cxd4 3. c3 Qa5 4. Nf3 Nc6 5. Bc4 Nf6 6. Qe2 d6 7. O-O Bg4 8. Bb5 a6 9. Bxc6+ bxc6 10. cxd4 Qb5 11. Re1 Qxe2 12. Rxe2 d5 13. h3 Bxf3 14. gxf3 e6 15. Nc3 Bb4 16. Bg5 Kd7 17. Na4 Rhb8 18. b3 Rb5 19. Bxf6 gxf6 20. Rd1 Rg8+ 21. Kh2 Bd6+ 22. e5 fxe5 23. dxe5 Bb8 24. Rd4 f6 25. Rh4 Bxe5+ 26. f4 Rb4 1-0

[Event "Eastern Ontario op"]
[Site "Ottawa CAN"]
[Date "1988.09.18"]
[Round "5"]
[White "Saleh, Maher"]
[Black "Morin, Louis"]
[Result "1-0"]
[WhiteElo "2154"]
[BlackElo "2062"]
[PlyCount "66"]
[GameId "2160767912520318"]
[EventDate "1988.09.17"]
[EventType "swiss"]
[EventRounds "5"]
[EventCountry "CAN"]
[SourceTitle "hb 2013"]

1. Nf3 d5 2. g3 c5 3. Bg2 Nc6 4. d4 e6 5. O-O Nf6 6. c4 Be7 7. cxd5 exd5 8. Nc3 O-O 9. Bg5 cxd4 10. Nxd4 Nxd4 11. Qxd4 Qa5 12. Bxf6 Bxf6 13. Qxd5 Qxd5 14. Bxd5 Bg4 15. f3 Bh3 16. Rfd1 Rac8 17. Rd3 b6 18. Rad1 g6 19. Kf2 Be6 20. Bxe6 fxe6 21. Rd7 Bxc3 22. bxc3 Rxc3 23. Rxa7 Rf7 24. Rd8+ Kg7 25. Rxf7+ Kxf7 26. Rd7+ Kf6 27. Rxh7 Rc2 28. Rb7 Rb2 29. a4 Ra2 30. Rxb6 Rxa4 31. e4 Ra3 32. Rb5 Rc3 33. h4 Ra3 1-0

[Event "Eaton Place op"]
[Site "Winnipeg CAN"]
[Date "1988.03.19"]
[Round "3"]
[White "Velo, Mario"]
[Black "Gentes, Kevin"]
[Result "1-0"]
[WhiteElo "1737"]
[BlackElo "2303"]
[PlyCount "59"]
[GameId "2160767912586449"]
[EventDate "1988.03.18"]
[EventType "swiss"]
[EventRounds "5"]
[EventCountry "CAN"]
[SourceTitle "CFC 1988.06"]

1. e4 e6 2. d4 d5 3. Nc3 Nf6 4. Bg5 Bb4 5. e5 h6 6. exf6 hxg5 7. fxg7 Rg8 8. Qh5 Qf6 9. Nf3 Qxg7 10. g4 e5 11. O-O-O Bxc3 12. bxc3 e4 13. Re1 Kf8 14. h4 exf3 15. hxg5 Be6 16. c4 dxc4 17. c3 Nc6 18. g6 Qxg6 19. Qc5+ Ne7 20. Re5 Qf6 21. g5 Qf4+ 22. Kd1 c6 23. Rh6 Rd8 24. Rexe6 fxe6 25. Rf6+ Qxf6 26. gxf6 Rd7 27. fxe7+ Rxe7 28. Bxc4 Rg6 29. Qxa7 Kf7 30. Qc5 1-0

[Event "Echec et Mat 88"]
[Site "Montreal CAN"]
[Date "1988.02.21"]
[Round "1"]
[White "Charest, Johanne"]
[Black "Alloul, Jimmy"]
[Result "0-1"]
[WhiteElo "1310"]
[BlackElo "1377"]
[PlyCount "58"]
[GameId "2160767912586541"]
[EventDate "1988.02.21"]
[EventType "swiss"]
[EventRounds "4"]
[EventCountry "CAN"]

1. e4 c5 2. Nf3 a6 3. d4 cxd4 4. Nxd4 Nf6 5. Nc3 e5 6. Nb3 Be7 7. Bc4 Qc7 8. Bd3 O-O 9. O-O b5 10. a3 Bb7 11. Be3 d6 12. Kh1 Nbd7 13. f3 Nb6 14. Bf2 Rfd8 15. Rc1 d5 16. exd5 Nbxd5 17. Nxd5 Nxd5 18. Qe1 Nf4 19. Be4 Ng6 20. Bxb7 Qxb7 21. Nc5 Qc7 22. Nb3 a5 23. Nd2 Bg5 24. Be3 Qe7 25. Ne4 Bxe3 26. Qxe3 Rd4 27. c3 Rd5 28. Ng3 Rad8 29. Qe2 Nf4 0-1

[Event "Echec et Mat 88"]
[Site "Montreal CAN"]
[Date "1988.02.21"]
[Round "2"]
[White "Charest, Johanne"]
[Black "Lau, Jean-Christophe"]
[Result "1-0"]
[WhiteElo "1310"]
[BlackElo "1320"]
[PlyCount "53"]
[GameId "2160767912586542"]
[EventDate "1988.02.21"]
[EventType "swiss"]
[EventRounds "4"]
[EventCountry "CAN"]

1. e4 e5 2. Nf3 Nc6 3. Bb5 Nge7 4. c3 a6 5. Ba4 b5 6. Bb3 f5 7. Ng5 d5 8. exd5 Nxd5 9. d4 f4 10. Nf3 e4 11. Qe2 Bf5 12. Nfd2 Bd6 13. Bxd5 Qd7 14. O-O O-O-O 15. Nxe4 Rde8 16. Qf3 Bg4 17. Qd3 h5 18. h3 Bf5 19. Qf3 Ne7 20. Nxd6+ Qxd6 21. Bxf4 Qd7 22. Bb3 c6 23. Nd2 Rhf8 24. Rfe1 g5 25. Bxg5 Bg4 26. Qg3 Nf5 27. Qd3 1-0

[Event "Echec et Mat 88"]
[Site "Montreal CAN"]
[Date "1988.02.21"]
[Round "4"]
[White "Ouimet, Eric"]
[Black "Charest, Johanne"]
[Result "0-1"]
[WhiteElo "1331"]
[BlackElo "1310"]
[PlyCount "52"]
[GameId "2160767912586543"]
[EventDate "1988.02.21"]
[EventType "swiss"]
[EventRounds "4"]
[EventCountry "CAN"]

1. c4 e5 2. Nc3 Nf6 3. e3 d5 4. d3 Nc6 5. cxd5 Nxd5 6. Nf3 Be7 7. Bd2 Be6 8. Be2 O-O 9. O-O f5 10. Qc2 Kh8 11. a3 Bd6 12. g3 a6 13. Rac1 Rb8 14. Rfd1 Nf6 15. Ng5 Bg8 16. f3 h6 17. Nh3 Be6 18. Nf2 f4 19. g4 fxe3 20. Bxe3 Nd7 21. Nfe4 Be7 22. Kg2 Nf6 23. Bc5 Bxc5 24. Nxc5 Bc8 25. N5e4 Nxe4 26. dxe4 Qh4 0-1

[Event "Fall op"]
[Site "Kitchener CAN"]
[Date "1988.11.11"]
[Round "2"]
[White "Crowley, Gerry"]
[Black "Pacey, Kevin"]
[Result "0-1"]
[WhiteElo "1734"]
[BlackElo "2303"]
[PlyCount "50"]
[GameId "2160767912520195"]
[EventDate "1988.11.11"]
[EventType "swiss"]
[EventRounds "5"]
[EventCountry "CAN"]

1. e4 Nf6 2. Nc3 d6 3. d4 g6 4. Nf3 Bg7 5. Be2 O-O 6. O-O Bg4 7. Bf4 Nc6 8. d5 e5 9. dxc6 exf4 10. cxb7 Rb8 11. h3 Bh5 12. Ba6 Nd7 13. Nd5 Nc5 14. Bd3 Rxb7 15. Nxf4 Bxf3 16. Qxf3 Rxb2 17. Rfb1 Qb8 18. Qd1 Re8 19. Qc1 Nxe4 20. Bxe4 Rxe4 21. Nd3 Rb6 22. Rxb6 axb6 23. Rb1 Qa8 24. Rb4 Rxb4 25. Nxb4 c5 0-1

[Event "Fall op"]
[Site "Kitchener CAN"]
[Date "1988.11.12"]
[Round "3"]
[White "Pacey, Kevin"]
[Black "Long, Bob"]
[Result "1/2-1/2"]
[WhiteElo "2303"]
[BlackElo "2095"]
[PlyCount "34"]
[GameId "2160767912520196"]
[EventDate "1988.11.11"]
[EventType "swiss"]
[EventRounds "5"]
[EventCountry "CAN"]

1. e4 c5 2. Nf3 Nc6 3. Bb5 g6 4. O-O Bg7 5. Re1 a6 6. Bxc6 dxc6 7. d3 Nf6 8. h3 O-O 9. Nbd2 Ne8 10. e5 Nc7 11. Ne4 Ne6 12. Nfg5 b6 13. Nxe6 Bxe6 14. Ng5 Qd7 15. Nxe6 Qxe6 16. Re4 Rad8 17. Qg4 Qxg4 1/2-1/2

[Event "Fall op"]
[Site "Kitchener CAN"]
[Date "1988.11.13"]
[Round "4"]
[White "Thomson, Phillip"]
[Black "Pacey, Kevin"]
[Result "0-1"]
[WhiteElo "1950"]
[BlackElo "2303"]
[PlyCount "100"]
[GameId "2160767912520197"]
[EventDate "1988.11.11"]
[EventType "swiss"]
[EventRounds "5"]
[EventCountry "CAN"]

1. e4 e6 2. d4 d5 3. e5 c5 4. c3 Nc6 5. Nf3 Qb6 6. Bd3 cxd4 7. cxd4 Bd7 8. O-O Nxd4 9. Nxd4 Qxd4 10. Nc3 a6 11. Qe2 Ne7 12. Rd1 Nc6 13. Bxa6 Qxe5 14. Bxb7 Qxe2 15. Nxe2 Rb8 16. Bxc6 Bxc6 17. Nd4 Bd7 18. b3 f6 19. Nf3 Kf7 20. Be3 Ba3 21. Bc1 Be7 22. Be3 Ba3 23. Bc1 Be7 24. Be3 Rb7 25. Rac1 Ra8 26. Rc2 Ba3 27. Bc1 Bxc1 28. Rdxc1 e5 29. Kf1 Raa7 30. Ke1 Bf5 31. Rb2 g5 32. Kd2 h5 33. Ne1 d4 34. Nd3 e4 35. Nc5 Re7 36. b4 Ra3 37. Nb3 Be6 38. Nxd4 Rd3+ 39. Ke1 Rxd4 40. b5 Ra4 41. Rcc2 Bd5 42. b6 Rb7 43. Rc7+ Rxc7 44. bxc7 Rc4 45. Rb5 Ke6 46. Rb6+ Ke5 47. a4 Rxc7 48. a5 Rc1+ 49. Kd2 Ra1 50. Rb5 Kd4 0-1

[Event "Fall op"]
[Site "Kitchener CAN"]
[Date "1988.11.13"]
[Round "5"]
[White "Hartman, Brian"]
[Black "Pacey, Kevin"]
[Result "1-0"]
[WhiteElo "2453"]
[BlackElo "2303"]
[PlyCount "75"]
[GameId "2160767912520198"]
[EventDate "1988.11.11"]
[EventType "swiss"]
[EventRounds "5"]
[EventCountry "CAN"]

1. e4 e5 2. Nf3 Nc6 3. Bb5 a6 4. Ba4 Nf6 5. O-O b5 6. Bb3 Bb7 7. Re1 Bc5 8. c3 d6 9. d4 Bb6 10. Qd3 h6 11. a4 O-O 12. Na3 Qe8 13. Bd2 Na5 14. Bc2 bxa4 15. Nh4 Nb3 16. Bxb3 axb3 17. Bxh6 gxh6 18. Nf5 Kh8 19. Qh3 h5 20. Nc4 Rd8 21. Qh4 Nh7 22. Re3 f6 23. Rg3 Rg8 24. Rd1 exd4 25. Nxb6 cxb6 26. Rxd4 d5 27. Nh6 Rxg3 28. Qxg3 Rd7 29. h4 Rg7 30. Qd6 Qf8 31. Qxb6 Bc8 32. Rxd5 Rd7 33. Rxh5 Rd1+ 34. Kh2 Qd6+ 35. Qxd6 Rxd6 36. Nf7+ Kg7 37. Nxd6 Kg6 38. Rxh7 1-0

[Event "Fondation Spraggett"]
[Site "Montreal CAN"]
[Date "1988.11.06"]
[Round "2"]
[White "Rispler, Paul"]
[Black "Morin, Louis"]
[Result "0-1"]
[WhiteElo "1840"]
[BlackElo "1950"]
[PlyCount "86"]
[GameId "2160767912520209"]
[EventDate "1988.11.05"]
[EventType "swiss"]
[EventRounds "5"]
[EventCountry "CAN"]
[SourceTitle "hb 2013"]

1. e4 e5 2. Nf3 d6 3. c4 f5 4. d3 Nf6 5. Bg5 h6 6. Bxf6 Qxf6 7. Nc3 c6 8. g3 g6 9. Nh4 f4 10. Be2 h5 11. Ng2 Bh3 12. Rg1 Nd7 13. Bf3 Bh6 14. g4 g5 15. gxh5 Qe6 16. Be2 Nf6 17. Qb3 Qd7 18. f3 Bf8 19. O-O-O Rxh5 20. d4 Qc7 21. Ne1 Be6 22. d5 Bh3 23. Nd3 Be7 24. Nf2 Bd7 25. Rg2 Qb6 26. Qc2 O-O-O 27. Na4 Qa5 28. c5 cxd5 29. cxd6+ Kb8 30. dxe7 Rc8 31. Nc3 d4 32. Kb1 dxc3 33. b3 Qa3 34. Bc4 Qxe7 35. Bd5 b5 36. Rd3 b4 37. a3 Bb5 38. Rd1 bxa3 39. Ka2 Rc5 40. Nd3 Rxd5 41. exd5 Nxd5 42. Kb1 Ne3 43. Qxc3 Nxd1 0-1

[Event "Fondation Spraggett"]
[Site "Montreal CAN"]
[Date "1988.11.06"]
[Round "3"]
[White "Morin, Louis"]
[Black "Spraggett, Grant"]
[Result "0-1"]
[WhiteElo "1950"]
[BlackElo "2250"]
[PlyCount "86"]
[GameId "2160767912520210"]
[EventDate "1988.11.05"]
[EventType "swiss"]
[EventRounds "5"]
[EventCountry "CAN"]
[SourceTitle "hb 2013"]

1. e4 e5 2. Nf3 Nc6 3. Nc3 g6 4. d4 exd4 5. Nd5 Bg7 6. Bg5 f6 7. Bf4 d6 8. Nxd4 a6 9. Qd2 Nge7 10. O-O-O Nxd4 11. Qxd4 Nc6 12. Qe3 O-O 13. Nxc7 Qxc7 14. Bc4+ Kh8 15. Bxd6 Qd8 16. h4 Qe8 17. h5 gxh5 18. Qf4 Ne5 19. Bd5 Qg6 20. Bxf8 Bxf8 21. Qh4 Bh6+ 22. Kb1 Bg5 23. Qg3 h4 24. Qa3 Qe8 25. f3 Ng6 26. Qb3 Qe7 27. Qb6 Bf4 28. Rd3 Bc7 29. Qd4 Nf4 30. Rb3 Be5 31. Qb6 Rb8 32. Rxh4 Nxd5 33. exd5 Bd4 34. Qb4 Qxb4 35. Rxb4 Bc5 36. Rbc4 Bd6 37. g4 Bd7 38. Re4 Kg7 39. Kc1 Rc8 40. Rh1 f5 41. gxf5 Bxf5 42. Re2 Rc5 43. Rg1+ Bg6 0-1

[Event "Fondation Spraggett"]
[Site "Montreal CAN"]
[Date "1988.11.07"]
[Round "4"]
[White "Morin, Louis"]
[Black "Fournier, Lise"]
[Result "1-0"]
[WhiteElo "1950"]
[BlackElo "1650"]
[PlyCount "51"]
[GameId "2160767912520211"]
[EventDate "1988.11.05"]
[EventType "swiss"]
[EventRounds "5"]
[EventCountry "CAN"]
[SourceTitle "hb 2013"]

1. e4 c5 2. d4 cxd4 3. c3 d6 4. cxd4 Nf6 5. Nc3 g6 6. Be3 Bg7 7. Qd2 O-O 8. f3 Nc6 9. O-O-O a6 10. Bh6 b5 11. h4 Qc7 12. Kb1 e6 13. g4 Bb7 14. h5 Rfc8 15. Bxg7 Kxg7 16. hxg6 fxg6 17. Nce2 Nb4 18. Rc1 Qa5 19. Nc3 Rc7 20. Rh2 Rac8 21. Nge2 Kg8 22. Nf4 Bxe4+ 23. fxe4 Nxe4 24. Qe3 Rxc3 25. bxc3 Nxa2 26. Rxa2 1-0

[Event "Granby"]
[Site "Granby CAN"]
[Date "1988.10.29"]
[Round "1"]
[White "Morin, Louis"]
[Black "Lewis, Claude"]
[Result "1-0"]
[WhiteElo "1980"]
[BlackElo "1736"]
[PlyCount "59"]
[GameId "2160767912520220"]
[EventDate "1988.10.29"]
[EventType "swiss"]
[EventRounds "4"]
[EventCountry "CAN"]
[SourceTitle "hb 2013"]

1. e4 d6 2. d4 Nf6 3. Nc3 g6 4. Be3 Bg7 5. f3 O-O 6. Qd2 c6 7. Bh6 Nbd7 8. h4 e5 9. Nge2 Nh5 10. g4 Bxh6 11. Qxh6 Nf4 12. Nxf4 exf4 13. Qxf4 Qf6 14. Qxf6 Nxf6 15. a4 Re8 16. O-O-O Be6 17. Be2 Rac8 18. Rhe1 Kf8 19. Bd3 Re7 20. h5 g5 21. e5 dxe5 22. dxe5 Nd5 23. Bxh7 Kg7 24. Nxd5 Bxd5 25. Bf5 Rce8 26. Rd3 Rxe5 27. Rxe5 Rxe5 28. Kd2 f6 29. c4 Bf7 30. Rd7 1-0